000 00493nam a2200193Ia 4500
005 20250508162447.0
008 008 250505s9999 xx 000 0 hin d
037 _aTextual
040 _aFEDL
_beng
_cFEDL
041 _ahin
_2eng
084 _a300.1, SOR
_qFEDL
100 _aSorokin Pitrim
_979469
245 0 _aSankrati yug ke samaj darshan
260 _c1968
300 _a458p.
650 _aSocial Science
942 _cTEXL
_h300.1, SOR
999 _c1376692
_d1376692